000 01323nam a2200325 c 4500
003 BLK
005 20180420234356.0
008 180410b bul|||||r ||||||| ||bul||
010 _aKNG00164422000
040 _aBLK
041 _aDRS
_cDRS
_hCSL
072 7 _2bullib
_aС
_xСтаропечатен фонд
080 _aПрактическо богословие. Църковна практика. Аскетична и мистична теология. Религиозна мистика
_b24
_x
_z24
139 _aНачална книжка за черковно чтение
_bН 34
245 1 0 _aНачална книжка за черковно чтение
_bОт книжарницата на П. Р. Славейкова
257 _aBGR
260 Цариград
_c1868
_fЦариград : В печатницата на в. "Македония"
300 _a16 с.
_c14 см
380 _a2
500 _aТекст на църковнослав. ез
650 4 _aБогословие
_9148879
653 _aбогословие
653 _aцърковни книги
659 _aС
852 _aЦб Ст 6970 * 1013
856 4 _qpdf
_u
856 4 _qpdf
_u
942 _cKNG
_n0
944 _aCR
_c27.08.2014
_kХристина_Везирева
944 _aED
_c13.01.2017
_kСилвестър_Спасов
999 _c157478
_d157478